000 00332nam a2200145Ia 4500
100 _aMehta N. V.
650 _aGeneral
942 _cBK
654 _aIncome Tax Ready Reckoner
245 _aIncome Tax Ready Reckoner1995-96
260 _bShri Kuber Pub. House
_aBombay
_c1995
300 _a328
546 _aENGLISH
999 _c25668
_d25668